Responses for show #5131 - Monday, December 25, 2006

Steve Unite game 6.

Contestants

David Mayer, a marketing manager from Bethlehem, Pennsylvania

Glenn Woertz, a home inspector and minister from Alpine, New Jersey

Steve Unite, a writer from Studio City, California (whose 5-day cash winnings total $107,605)

Jeopardy! Round responses

DINOSAURS
YEAR 2056 HEADLINES IN THE ONION
AZTEC GODS
SPORTS VENUES
SAVE THAT E-MAIL ADDRESS!
THEN HIT "PRINT"
    $200 16
(David: What is a bill?)
(Alex: Be more specific.)
(David: Ah, what is a beak?)

a duckbill

SteveDavid
    $200 11
the Smithsonian

Glenn
    $200 24
the Sun

Glenn
    $200 1
the Superdome

David
    $200 17
the Sierra Nevadas

Triple Stumper
    $200 6
(Glenn: What's a legend?)
...
(Alex: You guys are overcomplicating this. "Print" is going to come up in each correct response--what is a blueprint? Don't overthink it, please!)

blueprints

Glenn
Triple Stumper
    $400 22
a brain

Glenn
    $400 12
Tokyo

David
    $400 27
war

Steve
    $400 2
Des Moines

Steve
    $400 18
Jeeves

Glenn
    $400 7
fingerprints

Steve
    $600 23
Triceratops

Steve
    $600 13
Mars

Steve
    $600 28
(Glenn: What's rain?)

the ocean (the sea)

GlennDavid
    $600 3
the World Cup (of Soccer)

Steve
    $600 19
forensic scientist

David
    $600 8
a sprinter

Steve
    $2,800 25
(Alex: [*], yes indeed--where we find Patagonia! You're in the lead.)

South America

Glenn
    $800 14
Frogger

Triple Stumper
    $800 29
the dawn (the morning)

Triple Stumper
    $800 4
Lillehammer

Steve
    $800 20
(minimum number) electoral votes

Glenn
    $800 9
the fine print

Steve
    $1000 26
(Glenn: Um... What is viparous?)

raptor

Glenn
Triple Stumper
    $1000 15
Halliburton

Glenn
    $1000 30
(Alex: And if I mispronounced some of those words, ladies and gentlemen, I'm sure I'll hear from some of our Aztec viewers.)

the dead (or death)

Steve
    $1000 5
(David: What are the St. Louis Blues?)

the Detroit Red Wings

SteveDavid
    $1000 21
(David: What are aliens?)
(Alex: Mmm...)
(David: What are--what is [*]?)
(Alex: That's better, yes.)

extraterrestrial life

David
    $1000 10
newsprint

Glenn

Scores at the first commercial break (after clue 15):

Steve Glenn David
$5,200 $2,000 -$400

Scores at the end of the Jeopardy! Round:

Steve Glenn David
$7,400 $5,000 $1,600

Double Jeopardy! Round responses

20th CENTURY AMERICA
FAMOUS COUPLES
IT'S OUR ISLAND
(Alex: You have to name the country in possession of the island.)
AUTHORS
HOW TERRIBLY BRITISH
GRAMMAR
    $400 7
(Glenn: Who is Ronald Reagan?)

George H.W. Bush

SteveGlenn
    $400 15
Brad Pitt & Angelina Jolie

Steve
    $400 16
China

Steve
    $400 1
Conan Doyle

Glenn
    $400 12
tea

Glenn
    $400 4
also

Glenn
    $800 17
nurses

Triple Stumper
    $800 18
Marlo Thomas & Phil Donahue

David
    $800 21
the U.S.

Steve
    $800 2
Pearl Buck

Steve
    $800 13
the House of Lords

Steve
    $800 8
a subject

Steve
    $1200 23
(Glenn: What is Selma, Alabama?)
(David: What is Montgomery?)

Birmingham

SteveGlennDavid
    $1200 19
Susan Surandon & Tim Robbins

David
    $1200 22
France

Steve
    $1200 3
Rabelais

Glenn
    $500 14
(Alex: And once again, you have a big lead.)
(Steve: $500, please.)
(Alex: $500.)
(Steve: Yes.)
(Alex: ...Yes--)
(Steve: Yes, don't--d'nah--)
(Alex: I--I make no comment.)
(Steve: Okay, s--)
(Alex: For those of you who were not watching last week, Steve wagered $5, so this is a vast improvement on a Daily Double wager. $500 at risk of your $15,000. Here is the clue:)

stones

Steve
    $1200 9
(Alex: [*], "John's", yes.)

possessive form

Steve
    $1600 27
William Randolph Hearst

Triple Stumper
    $1600 20
John Lennon & Yoko Ono

Steve
    $1600 29
Spain

Steve
    $1600 5
(Anthony) Burgess

Steve
    $1600 24
Colonel Blimp

Triple Stumper
    $1600 10
inflection

Triple Stumper
    $2000 26
(Alex: See, we learn.)

stars on the U.S. flag

Triple Stumper
    $7,000 28
Dashiell Hammett & Lillian Hellman

Glenn
    $2000 6
(Charles) Bukowski

David
    $2000 25
Grenadiers

Glenn
    $2000 11
participle

Steve

Scores at the end of the Double Jeopardy! Round:

Steve Glenn David
$22,700 $14,800 $4,400

[wagering suggestions for these scores]

Final Jeopardy! Round responses

HOLY PLACES
(Alex: Appropriate, maybe, for this day.)
DavidWhat is Mecca?
$4,399
GlennWhat is The Temple Mount?
$13,000
SteveWhat is Sepulchre?
$7,000
the Temple Mount (in Jerusalem)

Final scores:

Steve Glenn David
$15,700 $27,800 $1
2nd place: $2,000 New champion: $27,800 3rd place: $1,000

Game dynamics:

Coryat scores:

Steve Glenn David
$23,400 $7,800 $4,400
27 R
(including 1 DD),
0 W
14 R
(including 2 DDs),
5 W
8 R,
3 W

Combined Coryat: $35,600

The J! Archive is created by fans, for fans. The Jeopardy! game show and all elements thereof, including but not limited to copyright and trademark thereto, are the property of Jeopardy Productions, Inc. and are protected under law. This website is not affiliated with, sponsored by, or operated by Jeopardy Productions, Inc. Join the discussion at JBoard.tv.